000
00325nam a2200133Ia 4500
005
20260328104244.0
008
260328s9999||||xx |||||||||||||| ||und||
100
_a
Casals, Lluis
245
0
_a
La Alhambra de Granada /
_c
Lluis Casals
260
_b
Triangle Postals
300
_a
191 p.
650
_a
EDAD MEDIA
942
_c
BK
999
_c
10006
_d
10006